| 000 | 00754nam a2200289Ia 4500 | ||
|---|---|---|---|
| 001 | 4058 | ||
| 005 | 20240113233709.0 | ||
| 007 | ta | ||
| 008 | 050607s2001 a g b000 u hin u | ||
| 020 | _a81-7119-689-6 | ||
| 040 | _aCotton College | ||
| 041 | _ahin | ||
| 082 |
_a891.43209 _bKu 96 Hi |
||
| 100 | _aKumar, Siddhanath . | ||
| 245 | 0 |
_aHindi Ekanki / _cSiddhanath Kumar. _hTextual Documents |
|
| 250 | _a1st ed. / | ||
| 260 |
_aNew Delhi : _bRadhakrishna Prakashan , _c2001. |
||
| 300 |
_a227p. : _bill. ; _c21cm . |
||
| 653 | _aHindi drama-Criticism | ||
| 653 | _aHindi Drama-Collections | ||
| 653 | _aGen-Hindi | ||
| 653 | _aHindi drama | ||
| 942 |
_2ddc _cBK |
||
| 999 |
_c4046 _d4046 |
||